Paesi con più siti UNESCO in Africa - Statistics

Statistiche generali
  • Questo quiz è stato fatto 24 volte
  • Il punteggio medio è 12 su 15
Statistiche sulle risposte
N° totale di siti N° di siti culturali N° di siti naturali N° di siti misti Paese % Corretto
7 6 / 1 Algeria
95%
7 6 1 / Egitto
95%
9 9 / / Marocco
95%
9 8 1 / Tunisia
95%
12 10 2 / Etiopia
89%
5 5 / / Libia
89%
12 7 4 1 Sudafrica
89%
8 5 3 / Kenya
84%
7 5 2 / Senegal
84%
4 3 / 1 Mali
79%
5 / 5 / Rep. Dem. del Congo
79%
7 3 3 1 Tanzania
79%
5 2 3 / Costa d'Avorio
74%
4 3 1 / Burkina Faso
63%
5 3 2 / Zimbabwe
58%
Nessun quiz corrispondente trovato
Distribuzione punteggi
Percentuale di utenti per punteggio
Percentile per numero di risposta
I tuoi punteggi nel tempo
Non hai fatto questo quiz